Las Ánforas romanas de Ampurias / por José Ma Nolla Brufau
Descripción Física:
p. 148-197 : il. ; 27 cm
Colección:
Monografías ; 48
Materias:
Àmfores -- Empúries (Ciutat antiga)
MARC
| LEADER | 00000nam a2200000Ia 4500 | ||
|---|---|---|---|
| 001 | 7814 | ||
| 008 | 160829s1974 - 75 xx 000 0 cat d | ||
| 080 | |a FU-21-35 | ||
| 100 | |a Nolla i Brufau, Josep M. |9 30342 | ||
| 245 | |a Las Ánforas romanas de Ampurias / por José Ma Nolla Brufau | ||
| 260 | |a Barcelona : |b Diputación. Instituto de Prehistoria y Arqueología, |c 1974 - 75 | ||
| 300 | |a p. 148-197 : |b il. ; |c 27 cm | ||
| 490 | |a Monografías ; 48 | ||
| 590 | |a Separata d'Ampurias ; 36-37 | ||
| 650 | |a Àmfores |x Empúries (Ciutat antiga) |9 30343 | ||
| 710 | 2 | |a Instituto de Prehistoria y Arqueología (Barcelona, Catalunya) |9 54255 | |
| 901 | |a Arxiu | ||
| 942 | |n 1 |2 udc | ||
| 952 | |0 0 |1 0 |4 0 |6 FU2135 |7 1 |9 45388 |a Arxiu |b Arxiu |d 2016-12-01 |l 0 |o FU-21-35 |p 7814 |r 2016-12-01 00:00:00 |w 2016-12-01 |y ARXIU | ||
| 999 | |c 48473 |d 48473 | ||